Etiketa v obchodě a podnikání

Salvato in:
Dettagli Bibliografici
Autore principale: Šroněk, Ivan, 1923-
Natura: Libro
Lingua:ceco
Pubblicazione: Praha Management Press 1992
Edizione:1. vyd.
Serie:Management a podnikání
Accesso online:Visualizza in OPAC
Tags: Aggiungi Tag
Nessun Tag, puoi essere il primo ad aggiungerne!!

MARC

LEADER 00000nam a2200000 a 4500
005 20260127134034.0
008 131003s1992 CS 0 cze c
020 |a 808560308X 
035 |a vtls001136275 
035 |a SNK000079128 
039 9 |a 201310031152  |b VLOAD  |c 201306201830  |d VLOAD  |c 200809301033  |d msnk01  |c 200809301002  |d mschk03  |y 200412250756  |z VLOAD 
040 |a SNK  |b slo  |c SNK  |d STUSCHK1  |e AACR2 
041 0 |a cze 
044 |a [CS] 
080 |a 339.1:395  |2 1981 
080 |a 395  |2 1981 
080 |a 658.114  |2 1981 
100 1 |a Šroněk, Ivan,  |d 1923-  |9 767 
245 1 0 |a Etiketa v obchodě a podnikání  |c Ivan Šroněk 
250 |a 1. vyd. 
260 |a Praha  |b Management Press  |c 1992 
300 |a 103, [1] s.  |c 21 cm 
490 0 |a Management a podnikání 
910 |a SCHK95 
919 |a 80-85603-08-X 
954 |a obchod  |a podnikanie  |a etiketa  |x príručky 
999 |c 2645  |d 2645 
942 0 0 |0 1